[Event "TCh-CZE Liga1 Vychod"]
[Site "Czech Rep CZE"]
[Date "2012.03.18"]
[Round "10"]
[White "Belunek,V"]
[Black "Skacelik,P"]
[Result "1-0"]
[WhiteElo "2273"]
[BlackElo "2206"]

1.d4 Nf6 2.c4 g6 3.Nc3 Bg7 4.e4 d6 5.Be2 O-O 6.Nf3 Nbd7 7.O-O e5 8.Re1 c6
9.Bf1 exd4 10.Nxd4 Re8 11.Rb1 a5 12.Bf4 Ne5 13.h3 Nfd7 14.Be3 Nc5 15.f4 Ned7
16.Qf3 Ne6 17.Nde2 Qe7 18.Bf2 g5 19.g3 Kh8 20.Rbd1 Rg8 21.Kh1 Qf6 22.Bg2 Bh6
23.Rxd6 gxf4 24.gxf4 Rxg2 25.Qxg2 Nxf4 26.Rxf6 Nxg2 27.Rxh6 Nxe1 28.Bxe1 Ne5
29.b3 Kg7 30.Rh4 Nf3 31.Bg3 Nxh4 32.Bxh4 Bxh3 33.Kh2 Bf1 34.Nf4 a4 35.Nxa4 Bxc4
36.Nc3 Ba6 37.e5 Kh6 38.Nd1 Re8 39.Bf6 b6 40.Ne3 Bc8 41.Nc4 Rg8 42.Nxb6 Bf5
43.Nc4 Rg4 44.Ng2 Bb1 45.a3 Ba2 46.Nce3 Re4 47.Kg3 Bb1 48.Nf5+ Kg6 49.Ne7+ Kh6
50.Ng8+  1-0

[Event "e2e4 High Wycombe Open"]
[Site "High Wycombe ENG"]
[Date "2012.03.18"]
[Round "5"]
[White "Kourtseva,Julie"]
[Black "Moss,Guy"]
[Result "1/2-1/2"]
[WhiteElo "1791"]
[BlackElo "1899"]

1.d4 Nf6 2.Nf3 g6 3.c4 Bg7 4.Nc3 O-O 5.e4 d6 6.Be2 e5 7.dxe5 dxe5 8.Qxd8 Rxd8
9.Bg5 Re8 10.Nd5 Nxd5 11.cxd5 f5 12.Nd2 Nd7 13.f3 h6 14.Be3 c6 15.dxc6 bxc6
16.Rc1 Bb7 17.Bd3 f4 18.Bf2 Nb6 19.Ke2 Rad8 20.Rc2 Rd7 21.Rhc1 Red8 22.Bc4+ Nxc4
23.Nxc4 Ba6 24.Be1 Bf8 25.Ba5 Rb8 26.b3 Kf7 27.Rd1 Rbb7 28.Rxd7+ Rxd7 29.Rd2 Bxc4+
30.bxc4 Rxd2+ 31.Kxd2 Ke6 32.Kc3 Bc5 33.Kb3 g5 34.h3 Bf2 35.Bc3 Bc5 36.Ka4 Kf6
37.Ka5 Bb6+ 38.Ka6 Ke6 39.Bb4 Kd7 40.c5 Bd8 41.Kxa7 Kc8 42.Ka6 h5 43.Bc3 Bc7
44.Ba5 Bxa5 45.Kxa5 Kb7 46.Kb4 h4  1/2-1/2

[Event "e2e4 High Wycombe Open"]
[Site "High Wycombe ENG"]
[Date "2012.03.18"]
[Round "5"]
[White "Shakespeare,John"]
[Black "Lane,PC"]
[Result "1-0"]
[WhiteElo "1926"]
[BlackElo "2050"]

1.d4 Nf6 2.Nf3 g6 3.c4 Bg7 4.Nc3 O-O 5.e4 d6 6.Be2 e5 7.d5 Na6 8.Bg5 h6 9.Bh4 g5
10.Bg3 Nxe4 11.Nxe4 f5 12.Nfd2 fxe4 13.Nxe4 Bf5 14.Bd3 g4 15.Qe2 h5 16.h4 gxh3
17.Qxh5 hxg2 18.Rg1 Qe8 19.Qh2 Qa4 20.Qxg2 Qb4+ 21.Kf1 Qxb2 22.Rd1 Bg4 23.Bh2 Nc5
24.Qxg4 Rf7 25.Qe2  1-0

[Event "13th EICC"]
[Site "Plovdiv BUL"]
[Date "2012.03.20"]
[Round "1.92"]
[White "Macieja,B"]
[Black "Nakar,Ey"]
[Result "0-1"]
[WhiteElo "2605"]
[BlackElo "2344"]

1.d4 Nf6 2.c4 g6 3.Nc3 Bg7 4.e4 d6 5.Nf3 O-O 6.Be2 e5 7.Be3 Ng4 8.Bg5 f6
9.Bh4 g5 10.Bg3 Nh6 11.dxe5 dxe5 12.Qc2 c6 13.Nd2 c5 14.Nb3 b6 15.Rd1 Qe7
16.Nd5 Qb7 17.h4 g4 18.f4 gxf3 19.gxf3 Nc6 20.f4 f5 21.fxe5 Nxe5 22.O-O Kh8
23.Nd2 Be6 24.Nf4 Bf7 25.exf5 Neg4 26.Bf3 Bd4+ 27.Kh1 Qc8 28.Be4 Ne3 29.Qd3 Nhxf5
30.Bh2 Nd6 31.Bf3 Ndxc4 32.Nxc4 Bxc4 33.Qe4 Re8 34.Qb1 Nxf1  0-1

[Event "Caissa GM March 2012"]
[Site "Kecskemet HUN"]
[Date "2012.03.22"]
[Round "6.2"]
[White "Sipos,I"]
[Black "Ashwin,J"]
[Result "1-0"]
[WhiteElo "2447"]
[BlackElo "2454"]

1.d4 Nf6 2.c4 g6 3.Nc3 Bg7 4.e4 d6 5.Nf3 O-O 6.Be2 e5 7.d5 a5 8.Bg5 h6 9.Bh4 Na6
10.Nd2 Qe8 11.a3 Bd7 12.b3 Nh7 13.O-O h5 14.f3 Bh6 15.Kh1 Be3 16.Qc2 f5 17.exf5 gxf5
18.Rae1 Qg6 19.Bd3 Qh6 20.Re2 Nc5 21.b4 axb4 22.axb4 Nxd3 23.Qxd3 Bf4 24.c5 Ra3
25.c6 bxc6 26.dxc6 Be6 27.Nc4 Rb3 28.b5 Rb8 29.b6 R8xb6 30.Nxb6 Rxb6 31.Nd5 Bxd5
32.Qxd5+ Kg7 33.Ra2 Bg5 34.Ra7 Bxh4 35.Rxc7+ Kg6 36.Qxd6+ Kg5 37.f4+ exf4
38.Qxf4+ Kg6 39.Qxf5+  1-0

[Event "13th EICC"]
[Site "Plovdiv BUL"]
[Date "2012.03.22"]
[Round "3.98"]
[White "Grandadam,N"]
[Black "Popovic,Du"]
[Result "0-1"]
[WhiteElo "2361"]
[BlackElo "2561"]

1.Nf3 Nf6 2.c4 g6 3.Nc3 Bg7 4.e4 d6 5.d4 O-O 6.Be2 e5 7.Be3 Ng4 8.Bg5 f6
9.Bc1 exd4 10.Nxd4 f5 11.h3 Nh6 12.exf5 Nxf5 13.Nxf5 Bxf5 14.Be3 Nc6 15.Qd2 Qh4
16.Rd1 Rae8 17.O-O Kh8 18.b4 Bxh3 19.gxh3 Qxh3 20.Nd5 Rf5 21.Qc2 Ree5 22.f4 Qg3+  0-1

[Event "1st Lanta Open 2012"]
[Site "Koh Lanta Island THA"]
[Date "2012.03.23"]
[Round "2"]
[White "Siebenburger,V"]
[Black "Hacaperka,M"]
[Result "1-0"]
[WhiteElo "2091"]
[BlackElo "1913"]

1.d4 Nf6 2.c4 g6 3.Nc3 Bg7 4.e4 d6 5.Be2 O-O 6.Nf3 e5 7.dxe5 dxe5 8.Qxd8 Rxd8
9.Bg5 Re8 10.Nd5 Nxd5 11.cxd5 c6 12.Bc4 cxd5 13.Bxd5 Nd7 14.Rc1 Nf6 15.Bxf6 Bxf6
16.Rc7 Be6 17.Bxe6 Rxe6 18.Rxb7 Ra6 19.a3 Ra4 20.O-O Rxe4 21.Rc1 Re2 22.Kf1 Re4
23.Rcc7 Rf4 24.Rxf7 Rc8 25.Ke2 e4 26.Nd4 e3 27.fxe3 Re8 28.Kd3 Rf1 29.Nf3 Rd1+
30.Nd2 Rd8+ 31.Rbd7 Rxd7+ 32.Rxd7 Rg1 33.b4 Bb2 34.Rxa7 Rxg2 35.b5 Rg5 36.b6 Rb5
37.Nc4 Bf6 38.b7 Rb3+ 39.Ke4  1-0

[Event "13th EICC"]
[Site "Plovdiv BUL"]
[Date "2012.03.23"]
[Round "4.149"]
[White "Medancic,R"]
[Black "Can,E"]
[Result "0-1"]
[WhiteElo "2252"]
[BlackElo "2476"]

1.d4 Nf6 2.c4 g6 3.Nc3 Bg7 4.e4 d6 5.Nf3 O-O 6.Be2 e5 7.Be3 Nbd7 8.dxe5 dxe5
9.Nd2 Re8 10.Nb3 Nf8 11.O-O Ne6 12.Qxd8 Rxd8 13.Rfd1 Re8 14.f3 Bf8 15.c5 a5
16.a4 c6 17.Rac1 Nh5 18.g3 f5 19.exf5 gxf5 20.f4 Nf6 21.fxe5 Nd7 22.Rf1 Ndxc5
23.Bc4 Nxb3 24.Bxb3 Kh8 25.Ne2 Bg7 26.Bc2 Bxe5 27.Rxf5 Ng7 28.Rf7 Bg4 29.Nf4 Bxb2
30.Rb1 Bc3 31.Bf2 b5 32.axb5 cxb5 33.Rxb5 a4 34.Nd5 Be6 35.Nxc3 Bxf7 36.Nxa4 Re2
37.Bd1 Rd2 38.Bb3 Bxb3 39.Rxb3 Ne6 40.Nc3 Ng5 41.Kf1 Rf8  0-1

[Event "13th EICC"]
[Site "Plovdiv BUL"]
[Date "2012.03.24"]
[Round "5.115"]
[White "Kanter,E"]
[Black "Cornette,M"]
[Result "1-0"]
[WhiteElo "2394"]
[BlackElo "2545"]

1.d4 Nf6 2.c4 g6 3.Nc3 Bg7 4.e4 d6 5.Nf3 O-O 6.Be2 e5 7.Be3 Ng4 8.Bg5 f6
9.Bh4 g5 10.Bg3 Nh6 11.dxe5 dxe5 12.O-O c5 13.Qd5+ Qxd5 14.cxd5 Bg4 15.h3 Bh5
16.Nb5 Nd7 17.Nc7 Rac8 18.Ne6 Bxf3 19.Bxf3 Rfe8 20.Rfc1 Bf8 21.Bh5 Re7 22.Rc2 Nf7
23.f3 Nd6 24.Bg4 b6 25.a4 a5 26.h4 h6 27.Bf2 Rf7 28.Bh5 Re7 29.Ra3 Nb8 30.Rac3 Na6
31.Re2 Nb4 32.g3 Rb7 33.hxg5 hxg5 34.f4 Be7 35.Bg6 c4 36.fxe5 fxe5 37.Be3 Nd3
38.Rh2 g4 39.Rh7 Bf6 40.Rxb7 Nxb7 41.Bxb6 Nxb2 42.Bc7 Nxa4 43.Rxc4 Nb6 44.Rc6 Nd7
45.Ra6 Bg5 46.Nxg5 Rxc7 47.Rc6 Rxc6 48.dxc6 Kg7 49.Be8 a4 50.Bxd7 a3 51.cxb7 a2
52.b8=Q a1=Q+ 53.Kg2 Qa2+ 54.Kg1 Qa1+ 55.Kf2 Qd4+ 56.Ke2 Qc4+ 57.Kd2 Qd4+
58.Kc2 Qc4+ 59.Kb2 Qd4+ 60.Ka2 Qd2+ 61.Qb2 Qa5+ 62.Kb3 Qb6+ 63.Ka3 Qd6+ 64.Kb3 Qb6+
65.Kc2 Qf2+ 66.Kb1 Qe1+ 67.Qc1 Qb4+ 68.Kc2 Qc5+ 69.Kd2 Qf2+ 70.Kd3 Qd4+ 71.Ke2 Qxd7
72.Qc7  1-0

[Event "ch-Urals Men 2012"]
[Site "Satka RUS"]
[Date "2012.03.24"]
[Round "1"]
[White "Kondrin,A"]
[Black "Sazonova,A"]
[Result "1-0"]
[WhiteElo "2292"]
[BlackElo "1930"]

1.d4 Nf6 2.c4 g6 3.Nc3 Bg7 4.e4 d6 5.Be2 O-O 6.Nf3 e5 7.Be3 Ng4 8.Bg5 f6
9.Bh4 g5 10.Bg3 Nh6 11.dxe5 dxe5 12.h4 g4 13.Nh2 c6 14.O-O Kh8 15.Qxd8 Rxd8
16.Rfd1 Re8 17.Rd2 Be6 18.Rad1 Na6 19.h5 Nc7 20.Bh4 Rf8 21.Na4 Rae8 22.Nc5 Bc8
23.Nd7 Rf7 24.Nxg4 Nxg4 25.Bxg4 Ne6 26.Bxe6 Rxe6 27.Nc5 Re8 28.Rd8 Rff8 29.Rxe8 Rxe8
30.f3 Kg8 31.Kf1 Kf7 32.Ke2 b6 33.Nd3 f5 34.Nf2 f4 35.Rd6 Re6 36.Rd8 Re8
37.Ng4 Rxd8 38.Bxd8 h6 39.Kd3 Ke6 40.Bc7 Bd7 41.Kc3 Be8 42.a4 Bxh5 43.b4 Bxg4
44.fxg4 Kd7 45.Bb8 a6 46.b5 a5 47.Ba7 Kc7 48.c5 bxc5 49.Bxc5 cxb5 50.axb5 Bf6
51.Kb3 Kb7 52.Ka4 Bd8 53.Bf8 Kb6 54.Bxh6  1-0

[Event "TCh-HUN 2011-12"]
[Site "Komarom HUN"]
[Date "2012.03.25"]
[Round "8"]
[White "Sipos,I"]
[Black "Kerek,C"]
[Result "0-1"]
[WhiteElo "2452"]
[BlackElo "2348"]

1.c4 Nf6 2.Nc3 g6 3.e4 d6 4.d4 Bg7 5.Nf3 O-O 6.Be2 e5 7.d5 Nbd7 8.Bg5 a5
9.Nd2 Nc5 10.O-O Bd7 11.b3 Qe8 12.a3 h5 13.Rb1 Nh7 14.Be3 b6 15.b4 axb4 16.axb4 Na4
17.Nxa4 Bxa4 18.Qc1 f5 19.f3 b5 20.c5 f4 21.Bf2 g5 22.Qc3 Qg6 23.Rfc1 Rf7
24.cxd6 cxd6 25.Qc6 Rb8 26.Qa6 Bf8 27.Rc8 Rbb7 28.h3 Rbd7 29.Rbc1 Nf6 30.R1c6 Kg7
31.Qa8 g4 32.Kf1 gxh3 33.gxh3 h4 34.Rb8 Nh5 35.Rcc8 Ng3+ 36.Ke1 Rc7 37.Bxb5 Rxc8
38.Bxa4 Rc1+ 39.Bd1 Nh1 40.Nb3 Nxf2 41.Nxc1 Qg1+ 42.Ke2 Nh1 43.Ba4 Qxc1 44.Rb7 Qe3+
45.Kd1 Qxf3+ 46.Kc1 Qc3+ 47.Kb1 Qe1+ 48.Kb2 Qd2+ 49.Kb3 Qd3+ 50.Kb2 Qxe4
51.Rxf7+ Kxf7 52.Qe8+ Kg7 53.Bc2 Qxb4+ 54.Kc1 Qb7 55.Qg6+ Kh8 56.Bf5 Qg7
57.Qh5+ Qh6 58.Qf7 Ng3 59.Bh7 Qg7  0-1

[Event "13th EICC"]
[Site "Plovdiv BUL"]
[Date "2012.03.25"]
[Round "6.90"]
[White "Mista,A"]
[Black "Pavlidis,Ant"]
[Result "1-0"]
[WhiteElo "2587"]
[BlackElo "2431"]

1.c4 Nf6 2.Nc3 g6 3.e4 d6 4.d4 Bg7 5.Be2 O-O 6.Nf3 Na6 7.O-O e5 8.Be3 c6
9.d5 Ng4 10.Bg5 f6 11.Bh4 c5 12.Ne1 h5 13.Nd3 Qe7 14.a3 Bd7 15.b4 b6 16.Rb1 g5
17.Bg3 f5 18.h3 Nf6 19.Bxh5 Nxh5 20.Qxh5 Be8 21.Qf3 f4 22.Bh2 Rf6 23.bxc5 bxc5
24.Rb3 Rh6 25.g4 fxg3 26.fxg3 g4 27.hxg4 Qg5 28.Rb7 Rf6 29.Qe2 Rxf1+ 30.Kxf1 Bg6
31.Kg2 Rb8 32.Rxa7 Rb3 33.Nb5 Nb8 34.Nxd6 Bf8 35.Nf5 Qf6 36.Bg1 Kh8 37.Bxc5  1-0

[Event "TCh-HUN 2011-12"]
[Site "Zalaegerszeg HUN"]
[Date "2012.03.25"]
[Round "8"]
[White "Horvath,Gy1"]
[Black "Csirik,A"]
[Result "1/2-1/2"]
[WhiteElo "2364"]
[BlackElo "2304"]

1.d4 Nf6 2.Nf3 g6 3.c4 Bg7 4.Nc3 O-O 5.e4 d6 6.Be2 e5 7.Be3 Nbd7 8.O-O Re8
9.d5 Nh5 10.g3 Bf8 11.Ne1 Ng7 12.Nd3 f5 13.f3 Be7  1/2-1/2

[Event "Belgrade Spring Open 2012"]
[Site "Belgrade SRB"]
[Date "2012.03.26"]
[Round "3.3"]
[White "Jovicic,R"]
[Black "Dimitrijevic,Sr"]
[Result "1-0"]
[WhiteElo "2188"]
[BlackElo "2306"]

1.d4 Nf6 2.Nf3 g6 3.c4 Bg7 4.Nc3 O-O 5.e4 d6 6.Be2 Nbd7 7.O-O e5 8.Re1 c6
9.Bf1 Re8 10.d5 c5 11.a3 h6 12.b4 Rf8 13.Nd2 Ne8 14.Nb3 b6 15.b5 a6 16.bxa6 Rxa6
17.a4 Nb8 18.Re2 f5 19.Rea2 Rf7 20.Bd2 Nf6 21.Bd3 Qf8 22.f3 h5 23.a5 bxa5
24.Nxa5 fxe4 25.Nxe4 Nxe4 26.Bxe4 Bf5 27.Qb1 Bxe4 28.Qxe4 Kh7 29.Nc6 Rxa2
30.Rxa2 Nd7 31.Ra7 Nf6 32.Rxf7 Qxf7 33.Qb1 Qd7 34.Bg5 Ng8 35.Nd8 Qf5 36.Qxf5 gxf5
37.Nb7 Kg6 38.Bd8 e4 39.Nxd6 Bd4+ 40.Kf1 exf3 41.gxf3 Nf6 42.Nb5 Be5 43.h3 Nd7
44.Ke2 Kf7 45.Ke3 Bh2 46.f4 Kg6 47.Kf3 Bg1 48.Na7 Bd4 49.Nc6 Bf6 50.Bxf6 Kxf6
51.Kg3 Nb6 52.Ne5 Nc8 53.Kh4  1-0

[Event "13th EICC"]
[Site "Plovdiv BUL"]
[Date "2012.03.27"]
[Round "7.147"]
[White "Laurusas,T"]
[Black "Scekic,V"]
[Result "1-0"]
[WhiteElo "2360"]
[BlackElo "2186"]

1.d4 Nf6 2.c4 g6 3.Nc3 Bg7 4.e4 O-O 5.Nf3 d6 6.Be2 e5 7.Be3 exd4 8.Nxd4 Re8
9.f3 c6 10.Bf2 d5 11.exd5 cxd5 12.c5 Nc6 13.O-O Nh5 14.Qd2 a6 15.Rfd1 Be6
16.Bf1 Qc7 17.g3 Ne5 18.Bg2 Nc4 19.Qc2 Rab8 20.Re1 Ne5 21.Rad1 Nc6 22.Nce2 Bc8
23.a3 f5 24.b4 Kh8 25.Qb3 Qf7 26.Nxc6 bxc6 27.Nd4 Bb7 28.Bf1 f4 29.g4 Nf6
30.a4 Nd7 31.Qc2 Ne5 32.b5 axb5 33.axb5 cxb5 34.Bxb5 Re7 35.Bh4 Bf6 36.Bxf6+ Qxf6
37.c6 Bc8 38.Re2 Nc4 39.Bxc4 dxc4 40.Rxe7 Qxe7 41.Qxc4 h5 42.gxh5 Bh3 43.Kh1 Qg5
44.Rg1 Qxh5 45.c7 Rg8 46.Qb5 g5 47.Qe5+ Kh7 48.Qe7+ Kh6 49.Rc1 Qe8 50.Rc6+  1-0

[Event "13th EICC"]
[Site "Plovdiv BUL"]
[Date "2012.03.27"]
[Round "7.67"]
[White "Kozul,Z"]
[Black "Nedev,Tr"]
[Result "1-0"]
[WhiteElo "2602"]
[BlackElo "2492"]

1.d4 Nf6 2.Nf3 g6 3.c4 Bg7 4.Nc3 O-O 5.e4 d6 6.Be2 e5 7.O-O exd4 8.Nxd4 Re8
9.f3 c6 10.Kh1 Nbd7 11.Bg5 Qb6 12.Na4 Qa5 13.Bd2 Qe5 14.Bc3 Qe7 15.Qd2 Ne5
16.Rae1 Bd7 17.b3 Rab8 18.Nb2 d5 19.exd5 cxd5 20.Bb4 Qd8 21.Bd6 Rc8 22.c5 Nc6
23.Nxc6 Bxc6 24.b4 a6 25.Nd3 d4 26.Ne5 Nd5 27.Qxd4 Bxe5 28.Bxe5 Nxb4 29.Qb2 Nd5
30.Bc4 Qe7 31.Qf2 Qf8 32.h3 h6 33.Qd4 Rcd8 34.Qd3 Qxc5 35.Ba1 Re3 36.Rxe3 Qxe3
37.Qb1 h5 38.Rd1 Qe8 39.Qe4 Qe6 40.Qh4 Re8 41.Bb2 Kf8 42.Bxd5 Bxd5 43.Qb4+ Re7
44.Ba3 Bc6 45.Re1  1-0

[Event "13th EICC"]
[Site "Plovdiv BUL"]
[Date "2012.03.27"]
[Round "7.93"]
[White "Kanter,E"]
[Black "Fedoseev,Vl3"]
[Result "0-1"]
[WhiteElo "2394"]
[BlackElo "2548"]

1.d4 Nf6 2.c4 g6 3.Nc3 Bg7 4.e4 d6 5.Nf3 O-O 6.Be2 e5 7.Be3 h6 8.O-O Nbd7
9.d5 Ng4 10.Bd2 f5 11.g3 Ngf6 12.Nh4 Nxe4 13.Nxe4 fxe4 14.Nxg6 Rf7 15.Bg4 Nb6
16.Bxc8 Rxc8 17.Qe2 c6 18.Qxe4 cxd5 19.cxd5 Rc4 20.Qe2 Rc2 21.Qd3 Rxb2 22.Be3 Rb4
23.Rac1 Rg4 24.Nh4 Qxh4 25.f3 Rd4 26.Qb5 Qd8 27.Bxd4 exd4 28.Rce1 Qd7 29.Re8+ Bf8
30.Qxd7 Rxd7 31.Rd1 Kf7 32.Re4 Bg7 33.Rf4+ Kg8 34.Rf5 Nc4  0-1

[Event "13th EICC"]
[Site "Plovdiv BUL"]
[Date "2012.03.27"]
[Round "7.64"]
[White "Macieja,B"]
[Black "Djukic,Ni"]
[Result "1-0"]
[WhiteElo "2605"]
[BlackElo "2513"]

1.Nf3 Nf6 2.c4 g6 3.Nc3 Bg7 4.e4 d6 5.d4 O-O 6.Be2 e5 7.Be3 Ng4 8.Bg5 f6
9.Bh4 g5 10.Bg3 Nh6 11.c5 g4 12.Nh4 Nc6 13.dxe5 fxe5 14.cxd6 cxd6 15.O-O Nd4
16.Bc4+ Kh8 17.Qd2 Bd7 18.Bd5 Qb6 19.Ne2 Nxe2+ 20.Qxe2 Bb5 21.Bc4 Bxc4 22.Qxc4 Rac8
23.Qe2 Rc5 24.Rad1 Qc6 25.Rd2 Rc1 26.Rxc1 Qxc1+ 27.Rd1 Rc8 28.h3 Qg5 29.Rxd6 Rc1+
30.Kh2 gxh3 31.gxh3 Nf7 32.Rd7 Kg8 33.Rxb7 a5 34.Qf3 Bf6 35.Qb3  1-0

[Event "13th EICC"]
[Site "Plovdiv BUL"]
[Date "2012.03.27"]
[Round "7.143"]
[White "Pavlidou,E"]
[Black "Braun,Christi2"]
[Result "0-1"]
[WhiteElo "2231"]
[BlackElo "2372"]

1.d4 Nf6 2.c4 g6 3.Nc3 Bg7 4.e4 d6 5.Nf3 O-O 6.Be2 Na6 7.O-O e5 8.Be3 Ng4
9.Bg5 Qe8 10.dxe5 dxe5 11.h3 h6 12.Bd2 Nf6 13.Be3 Qe7 14.Nd5 Qd8 15.Nxf6+ Qxf6
16.Qc1 Kh7 17.a3 c6 18.c5 Nc7 19.Rd1 Ne6 20.Rd6 Re8 21.Qc3 Bf8 22.Rd2 Nf4
23.Bf1 Nxh3+ 24.gxh3 Qxf3 25.Bg2 Qf6 26.f4 Qe7 27.f5 gxf5 28.exf5 Bxf5 29.Rf1 Bg6
30.Rd6 Rad8 31.Qc4 Rxd6 32.cxd6 Qe6 33.Qxe6 Rxe6 34.d7 Be7 35.Rd1 Bd8 36.Bxa7 Bf5
37.Bc5 Rg6 38.Kh1 f6 39.Rf1 Bd3 40.Rd1 e4 41.h4 Rg4 42.Bf2 f5 43.Bh3 Rf4
44.Bg3 Rf3 45.Kh2 f4 46.Be1 h5 47.Bf5+ Kh6 48.Bb4 Kg7 49.Bc3+ Kf7 50.Rg1  0-1

[Event "13th EICC"]
[Site "Plovdiv BUL"]
[Date "2012.03.27"]
[Round "7.17"]
[White "Kulaots,K"]
[Black "Akopian,Vl"]
[Result "0-1"]
[WhiteElo "2585"]
[BlackElo "2684"]

1.d4 Nf6 2.c4 d6 3.Nc3 Nbd7 4.e4 e5 5.Nf3 g6 6.Be2 Bg7 7.O-O O-O 8.Be3 exd4
9.Nxd4 Re8 10.f3 c6 11.Qc2 Nh5 12.Rad1 Qe7 13.Qd2 a5 14.Na4 f5 15.Nb3 fxe4
16.f4 Bf8 17.f5 Ne5 18.Nb6 Rb8 19.Nd4 Qc7 20.Nxc8 Qxc8 21.Ne6 Rxe6 22.fxe6 Qxe6
23.Qd4 Ng4 24.Bxg4 Qxg4 25.h3 Qe6 26.g4 Ng3 27.Rf2 h5 28.Kg2 h4 29.Rf6 Qe8
30.Qa7 Ra8 31.Qb6 Bg7 32.Rfxd6 Qf7 33.Rd8+ Kh7 34.R8d7 Qf3+ 35.Kh2 Nf1+ 36.Rxf1 Qg3+
37.Kh1 Qxh3+ 38.Kg1 Qxg4+  0-1

[Event "European Senior Teams 2012"]
[Site "Rogaska Slatina SLO"]
[Date "2012.03.27"]
[Round "1.5"]
[White "Singer,H"]
[Black "Miles,R"]
[Result "1/2-1/2"]
[WhiteElo "2265"]
[BlackElo "2083"]

1.c4 Nf6 2.Nc3 g6 3.e4 d6 4.d4 Bg7 5.Nf3 O-O 6.Be2 e5 7.d5 a5 8.Be3 Ng4 9.Bg5 f6
10.Bh4 Na6 11.Nd2 Nh6 12.f3 Bd7 13.O-O Qe8 14.b3 f5 15.a3 b6 16.Rb1 Nc5 17.Qc2 fxe4
18.fxe4 Ng4 19.Bxg4 Bxg4 20.b4 axb4 21.axb4 Na6 22.Rxf8+ Qxf8 23.Qd3 Bh6
24.Nf1 Bf4 25.h3 Bd7 26.Ne2 Bh6 27.Bf2 Bg5 28.Be3 Be7 29.Qc3 Rb8 30.Ra1 Bc8
31.Nd2 h5 32.b5 Nc5 33.Bxc5 bxc5 34.Qe3 Bd7 35.Ra7 Bd8 36.Nf3 Qf6 37.Nc1 g5
38.Ne2 g4 39.hxg4 Bxg4 40.Nh2 Bxe2 41.Qxe2 Qg5 42.Nf1 Kg7 43.Ne3 Kg6 44.Qf3 Qf4
45.Kf2 Rc8 46.g3 Qg5 47.Qf5+ Qxf5+ 48.Nxf5 Rb8 49.Kf3 Kf6 50.Ra6 Be7 51.Ra1 Rg8
52.Ra7 Bd8 53.b6 cxb6 54.Nxd6 Rf8 55.Rb7 Kg6+ 56.Nf5 Rf7 57.Rb8 Rd7 58.Rc8 Kg5
59.Rc6 Ra7 60.Nh6 h4 61.gxh4+ Kxh4 62.Re6 Ra3+ 63.Ke2 Bg5 64.Nf7 Bf4 65.Nxe5 Ra2+
66.Kf3 Bg5 67.Ng6+ Kh5 68.Nf4+ Kh4 69.e5 Rc2 70.Nd3 Rxc4 71.Rxb6 Rd4 72.Nxc5 Rd1
73.Rb4+ Kh5 74.Ne4  1/2-1/2

[Event "ch-Urals Men 2012"]
[Site "Satka RUS"]
[Date "2012.03.27"]
[Round "4"]
[White "Lobov,D"]
[Black "Matveev,V3"]
[Result "0-1"]
[WhiteElo "2143"]
[BlackElo "2323"]

1.e4 d6 2.d4 g6 3.c4 Nf6 4.Nc3 Bg7 5.Nf3 O-O 6.Be2 e5 7.d5 a5 8.Nd2 Na6 9.h4 Nd7
10.h5 Ndc5 11.g4 c6 12.Nf1 cxd5 13.cxd5 Bd7 14.Be3 b5 15.Ng3 Qe7 16.Qd2 a4
17.Bh6 Bxh6 18.Qxh6 a3 19.b3 Rac8 20.Nxb5 Bxb5 21.Bxb5 Nb4 22.Qd2 Nxb3 23.axb3 Nc2+
24.Kf1 Nxa1 25.Bc4 Rxc4 26.bxc4 Nb3 27.Qa2 Ra8 28.Kg2 Nd4 29.hxg6 hxg6 30.Ne2 Qg5
31.f3 Rb8  0-1

[Event "13th EICC"]
[Site "Plovdiv BUL"]
[Date "2012.03.28"]
[Round "8.57"]
[White "Buhmann,R"]
[Black "Onischuk,V"]
[Result "1/2-1/2"]
[WhiteElo "2614"]
[BlackElo "2516"]

1.Nf3 Nf6 2.c4 g6 3.Nc3 Bg7 4.e4 d6 5.d4 O-O 6.Be2 Nbd7 7.O-O e5 8.Re1 c6
9.Bf1 Qe7 10.Rb1 b6 11.Bg5 h6 12.Bh4 g5 13.Bg3 Nh5 14.d5 c5 15.Nd2 Nf4 16.f3 h5
17.Bf2 Nf6 18.g3 Nh3+ 19.Bxh3 Bxh3 20.Nf1 Nh7 21.Ne3 f5 22.exf5 Bxf5 23.Nxf5 Rxf5
24.g4 Rf7 25.Ne4 Raf8 26.Re3 Nf6 27.Nxf6+ Rxf6 28.gxh5 Bh6 29.Kh1 Qf7 30.Qe2 Kh8
31.Rg1 g4 32.Re4 gxf3 33.Qf1 Bf4 34.Bh4 Rf5 35.Rg4 Rxh5 36.Rexf4 exf4 37.Qxf3 Qf5
38.Be1 Kh7 39.Bc3 Rf7 40.h4 Qb1+ 41.Kg2 Qc2+ 42.Kg1 Rh6 43.Rg5 Qc1+ 44.Kg2 Qe3
45.h5 a6 46.a4 a5 47.b3 Re7 48.Qxe3 Rxe3  1/2-1/2

[Event "13th EICC"]
[Site "Plovdiv BUL"]
[Date "2012.03.28"]
[Round "8.26"]
[White "Georgiev,Ki"]
[Black "Kozul,Z"]
[Result "1-0"]
[WhiteElo "2671"]
[BlackElo "2602"]

1.d4 Nf6 2.c4 g6 3.Nc3 Bg7 4.e4 d6 5.Nf3 O-O 6.Be2 e5 7.O-O c6 8.Re1 Na6
9.Bf1 Bg4 10.d5 c5 11.a3 Kh8 12.Bg5 Qb8 13.h3 Bxf3 14.Qxf3 Ng8 15.Nb5 f5
16.exf5 Rxf5 17.Qg3 Bh6 18.Bxh6 Nxh6 19.Bd3 Rf6 20.Rab1 Qf8 21.b4 Rf4 22.Qe3 Qf6
23.g3 Nf5 24.Qc1 Rxf2 25.Kxf2 Nh4+ 26.Ke2 Qf3+ 27.Kd2 Qxg3 28.Kc3 cxb4+ 29.axb4 Ng2
30.Nxd6 Nxb4 31.Kxb4 Qxd3 32.Qc3 a5+ 33.Kb3 a4+ 34.Kb4  1-0

[Event "European Senior Teams 2012"]
[Site "Rogaska Slatina SLO"]
[Date "2012.03.28"]
[Round "2.22"]
[White "Laitinen,Ma"]
[Black "Mostertman,L"]
[Result "0-1"]
[WhiteElo "1808"]
[BlackElo "2058"]

1.d4 Nf6 2.c4 g6 3.Nc3 Bg7 4.e4 d6 5.Nf3 O-O 6.Be2 e5 7.d5 Nbd7 8.Bg5 h6
9.Bh4 g5 10.Bg3 Nh5 11.h4 Nxg3 12.fxg3 g4 13.Nh2 h5 14.O-O f5 15.exf5 Nf6
16.Bd3 c6 17.Qd2 cxd5 18.cxd5 Qb6+ 19.Kh1 Bd7 20.Rad1 Kh7 21.Ne4 Nxe4 22.Bxe4 Bf6
23.Rfe1 Rfc8 24.Rc1 Qd4 25.Qe2 Rg8 26.Rc7 Rg7 27.Rxb7 Rc8 28.Rd1 Qa4 29.a3 a6
30.Ra7 Bb5 31.Rxg7+ Kxg7 32.Qe1 Qb3 33.Rd2 Rc5 34.Kg1 Bc4 35.Bc2 Qxb2 36.Nxg4 hxg4
37.Qd1 Kf7 38.Qxg4 Qc1+ 39.Bd1 Qxd2 40.Qg6+ Ke7 41.Qh7+ Kd8 42.Qg8+ Kc7 43.Qf7+ Kb6
44.Ba4 Bxd5 45.Qxf6 Qxg2+  0-1

[Event "ch-CHN w 2012"]
[Site "Xinghua CHN"]
[Date "2012.03.28"]
[Round "2"]
[White "Guo Qi"]
[Black "Gu Xiaobing"]
[Result "1-0"]
[WhiteElo "2351"]
[BlackElo "2257"]

1.d4 Nf6 2.Nf3 g6 3.c4 Bg7 4.Nc3 O-O 5.e4 d6 6.Be2 e5 7.O-O Na6 8.Re1 c6
9.Be3 Ng4 10.Bg5 f6 11.Bh4 Nh6 12.c5 exd4 13.Bxa6 dxc3 14.Bc4+ Kh8 15.cxd6 cxb2
16.Rb1 b5 17.Bb3 Bg4 18.Rxb2 a5 19.a4 g5 20.Bg3 f5 21.e5 f4 22.Rc2 fxg3 23.hxg3 bxa4
24.Ba2 Re8 25.e6 Nf5 26.d7 Rf8 27.Rxc6 Qe7 28.Re4 Bxf3 29.gxf3 a3 30.Qd5 Rab8
31.Rec4 Rbd8 32.Rc8 Nd6 33.Rxd8 Rxd8 34.Rc6 Ne8 35.Rc8 Bf6 36.Rxd8  1-0

[Event "Belgrade Spring Open 2012"]
[Site "Belgrade SRB"]
[Date "2012.03.29"]
[Round "6.9"]
[White "Maksimovic,Ma"]
[Black "Maric,Dr"]
[Result "0-1"]
[WhiteElo "2186"]
[BlackElo "2221"]

1.d4 Nf6 2.c4 g6 3.Nc3 Bg7 4.e4 O-O 5.Nf3 d6 6.Be2 e5 7.Be3 Ng4 8.Bg5 f6
9.Bh4 Nh6 10.dxe5 dxe5 11.Qxd8 Rxd8 12.Nd5 g5 13.Nxg5 fxg5 14.Bxg5 Rd7 15.Bxh6 Bxh6
16.Bg4 Rd8 17.Ne7+ Kf7 18.Nxc8 Nc6 19.Rd1 Nd4 20.O-O Raxc8 21.Bxc8 Rxc8 22.f4 c5
23.fxe5+ Ke7 24.Rd3 Rg8 25.Rh3 Rg6 26.Rf6 Bg7 27.Rxh7 Rxf6 28.exf6+ Kxf6
29.Rh5 b6 30.Rd5 Ke6 31.Kf2 Nc6 32.b3 Bd4+ 33.Kf3 Nb4 34.a3 Nxd5 35.exd5+ Kf6
36.Ke4 Be5 37.h4 Bg3 38.h5 Kg5 39.Kf3 Bd6 40.g4 Bf8 41.Ke4 Kxg4 42.Ke5 Kxh5
43.Ke6 Kg4 44.d6 Bh6 45.Kd5 Kf5 46.b4 Bf8 47.bxc5 bxc5 48.a4 Kf6 49.a5 Kf7
50.Kxc5 Ke6 51.Kc6 Bxd6 52.c5 Bf8 53.Kb5 Kd7  0-1

[Event "14th WGM Rector Cup"]
[Site "Kharkiv UKR"]
[Date "2012.03.29"]
[Round "4"]
[White "Goryachkina,A"]
[Black "Shapoval,Galina"]
[Result "1/2-1/2"]
[WhiteElo "2341"]
[BlackElo "2183"]

1.d4 Nf6 2.c4 g6 3.Nc3 Bg7 4.e4 d6 5.Nf3 O-O 6.Be2 e5 7.Be3 Nbd7 8.O-O exd4
9.Nxd4 Re8 10.f3 c6 11.Nc2 Qc7 12.Qd2 Ne5 13.Rfd1 Be6 14.b3 Rad8 15.Nd4 Bc8
16.Rac1 Qe7 17.Bg5 Qf8 18.f4 Ned7 19.Bf3 Nc5 20.Re1 a6 21.Rcd1 Ne6 22.Nxe6 fxe6
23.Qc1 e5 24.Rf1 h6 25.fxe5 hxg5 26.exf6 Qxf6 27.Rd3 Qe5 28.Qd1 Rf8 29.g3 Bh3
30.Bg2 Qc5+ 31.Kh1 Rxf1+ 32.Qxf1 Bxg2+ 33.Kxg2 Rf8 34.Qe2 Qe5 35.Nd1 Re8
36.Nf2 d5 37.cxd5 cxd5 38.Re3 Qd4 39.Qd3 Qxd3 40.Rxd3 d4 41.Kf3 Rc8 42.Ng4 Rc3
43.Rxc3 dxc3 44.Ne3 Kf7 45.Nc2 Ke6 46.Ke3 a5 47.Kd3 b5 48.a3 Kd6 49.b4 a4
50.Ne3 Ke5 51.Nd5 c2 52.Kxc2 Kxe4 53.Nc7 Kf3 54.Nxb5 Kg2 55.Nc3 Kxh2 56.Ne4 g4
57.b5 Kg2 58.Kd3 Kf3 59.b6 Be5 60.b7 Bb8 61.Kd4 Ba7+ 62.Kd5 Bb8 63.Kd4 Ba7+
64.Kd3 Bb8  1/2-1/2

[Event "13th EICC"]
[Site "Plovdiv BUL"]
[Date "2012.03.29"]
[Round "9.138"]
[White "Kanter,E"]
[Black "Kumic,F"]
[Result "1-0"]
[WhiteElo "2394"]
[BlackElo "2247"]

1.d4 Nf6 2.c4 g6 3.Nc3 Bg7 4.e4 d6 5.Nf3 O-O 6.Be2 e5 7.Be3 exd4 8.Nxd4 Re8
9.f3 c6 10.O-O d5 11.cxd5 cxd5 12.Qb3 dxe4 13.fxe4 Nc6 14.Rad1 Qe7 15.Nxc6 bxc6
16.Bd4 Ng4 17.Bxg7 Kxg7 18.Qc4 Ne5 19.Qd4 f6 20.Na4 Be6 21.Nc5 h5 22.b3 Rf8
23.Qd6 Rae8 24.Qxe7+ Rxe7 25.Rd6 Kf7 26.Rc1 Rc8 27.Rcd1 Rb8 28.R1d4 h4 29.h3 Bc8
30.Ra4 Ra8 31.Kf2 Re8 32.Ra5 Ke7 33.Rd4 Rf8 34.Rda4 Kd6 35.Rd4+ Kc7 36.Ke3 Re8
37.Rda4 Kb8 38.b4 Be6 39.Na6+ Kc8 40.Rc5 Kb7 41.Rc3 Bc8 42.b5 cxb5 43.Bxb5 Re7
44.Rb4 Be6 45.Be2+  1-0